000
00295nam a2200109Ia 4500
008
200302s9999 xx 000 0 und d
100
_a
Asymptote
245
_a
Design Document Series -09 Scape Asymptote Architecture U S A
260
_b
Suh Kyong Won Publisher
260
_c
2007
300
_a
165 P.,
999
_c
3876
_d
3876